| 000 | 00000nam##2200000za#4500 |
| 001 | 9.571765 |
| 003 | CaOODSP |
| 005 | 20210624182904 |
| 007 | cr ||||||||||| |
| 008 | 150406|2001||||xxc|||||o f|0| 0 eng|d |
| 040 | |aCaOODSP|beng |
| 043 | |an-cn--- |
| 086 | 1 |aNH18-23/85E-PDF |
| 110 | 2 |aCanada Mortgage and Housing Corporation. |
| 245 | 10|aAssessing the full costs of water, liquid waste, energy and solid waste infrastructure in the Fraser Valley Regional District (FVRD) |h[electronic resource] |
| 260 | |aOttawa - Ontario : |bCanada Mortgage and Housing Corporation |cJuly 2001. |
| 300 | |a6p. |
| 490 | 1 |aResearch highlight. Socio-economic series |v85 |
| 590 | |a11-23-Supp|b2011-10-17 |
| 690 | 07|aWaste management|2gcpds |
| 690 | 07|aWater management|2gcpds |
| 775 | 08|tÉvaluation du coût global des infrastructures d'énergie, d'approvisionnement en eau et d'élimination des déchets solides et liquides dans le District régional de la vallée du Fraser |w(CaOODSP)9.602190 |
| 776 | 0#|tAssessing the full costs of water, liquid waste, energy and solid waste infrastructure in the Fraser Valley Regional District (FVRD) |w(CaOODSP)9.615861 |
| 830 | #0|aResearch highlight. Socio-economic series ;|v85|w(CaOODSP)9.505168 |
| 856 | 40|ahttp://publications.gc.ca|qPDF|s102 KB|uhttps://publications.gc.ca/collections/Collection/NH18-23-85E.pdf|y85 |